000 00444nam a22001937a 4500
999 _c11755
_d11755
003 OSt
008 230127b ||||| |||| 00| 0 eng d
020 _a9788131520796
082 _a658.804 HUB
100 _aHUTT,Michael D
245 _aB2B Marketing
250 _a11th Ed
260 _aNew Delhi
_bCengage
_c2022
300 _a522
650 _aB2B Marketing
700 _aSHARMA,Dheeraj
700 _aSPEH,Thomas W
942 _2ddc
_cREF